| 000 | 00504nam a2200241Ia 4500 | ||
|---|---|---|---|
| 003 | IT-RoPAU | ||
| 008 | 120407s9999 xx 000 0 und d | ||
| 040 | _aIT-RoPAU | ||
| 040 | _cIT-RoPAU | ||
| 041 | _aita | ||
| 100 | _aPierre Vandrepote | ||
| 245 | _aQuestioni storiche moderne. | ||
| 250 | _aParis | ||
| 260 | _aGallimard | ||
| 260 | _c1988 | ||
| 300 | _a192 p. | ||
| 300 | _c cm | ||
| 490 | _aLes Temps modernes | ||
| 490 | _v1502 | ||
| 710 | _aetc. | ||
| 942 | _cBK | ||
| 999 |
_c28029 _d28029 |
||